Algorithms, graphs, and computers /
Guardado en:
| Autor Principal: | |
|---|---|
| Otros Autores: | , |
| Formato: | Libro |
| Idioma: | English |
| Publicado: |
New York :
Academic Press,
1970.
|
| Series: | Mathematics in science and engineering ;
v. 62 |
| Materias: | |
| Etiquetas: |
Agregar Etiqueta
Sin Etiquetas, Sea el primero en etiquetar este registro!
|
| LEADER | 00838cam a2200253 a 4500 | ||
|---|---|---|---|
| 001 | MAT.inmabb005762 | ||
| 008 | 700326s1970####nyua#####b####001#0#eng## | ||
| 005 | 20160802173541.0 | ||
| 245 | 1 | 0 | |a Algorithms, graphs, and computers / |c Richard Bellman, Kenneth L. Cooke, Jo Ann Lockett. |
| 260 | |a New York : |b Academic Press, |c 1970. | ||
| 300 | |a xv, 246 p. : |b il. ; |c 24 cm. | ||
| 440 | 0 | |a Mathematics in science and engineering ; |v v. 62 | |
| 504 | |a Incluye referencias bibliográficas. | ||
| 510 | 4 | |a MR, |c 41 #4779 | |
| 100 | 1 | |a Bellman, Richard Ernest, |d 1920-1984. | |
| 700 | 1 | |a Cooke, Kenneth L. | |
| 700 | 1 | |a Lockett, Jo Ann. | |
| 650 | 0 | |a Dynamic programming. | |
| 650 | 0 | |a Algorithms. | |
| 650 | 0 | |a Graph theory. | |
| 084 | |a 65Kxx |2 msc2000 | ||
| 010 | |a 77097484 | ||
| 040 | |a DLC |c DLC |d DLC | ||
| 859 | |h 65 |i B445 |p A-4141 |b BIB. MATEMATICA | ||
